Globálne riziká a ich vplyv na poistný sektor
Príspevok popísuje a zosystematizuje spektrum globálnych rizík z pohľadu ich delenia na klasické, nové a fantómové riziká. Poistiteľnosť globálnych rizík.
Gespeichert in:
| 1. Verfasser: | |
|---|---|
| Format: | Buchkapitel |
| Sprache: | Slowakisch |
| Schlagworte: | |
| Tags: |
Keine Tags, Fügen Sie das erste Tag hinzu!
|
MARC
| LEADER | 00000nla$a2200000$$$4500 | ||
|---|---|---|---|
| 001 | 0137132 | ||
| 005 | 20240611072427.8 | ||
| 041 | 0 | |a slo | |
| 044 | |a SK | ||
| 245 | 1 | 0 | |a Globálne riziká a ich vplyv na poistný sektor |c Zuzana Littvová |
| 520 | |a Príspevok popísuje a zosystematizuje spektrum globálnych rizík z pohľadu ich delenia na klasické, nové a fantómové riziká. Poistiteľnosť globálnych rizík. | ||
| 610 | 2 | 0 | |a globalizácia |
| 610 | 2 | 0 | |a riziko |
| 610 | 2 | 0 | |a poistenie |
| 610 | 2 | 0 | |a nerovnováha hospodárska |
| 610 | 2 | 0 | |a nestabilita politická |
| 610 | 2 | 0 | |a vývoj hospodársky |
| 610 | 2 | 0 | |a terorizmus |
| 100 | 1 | |a Littvová, Zuzana | |